Europe states at 1400 AD - Statistics

General Stats
  • This quiz has been taken 350 times
  • The average score is 34 of 68
Answer Stats
Actual state Former state % Correct
Portugal Kingdom of Portugal
89%
Spain Crown of Castile
86%
United Kingdom, Ireland and France Kingdom of England
86%
Denmark, Norway, Sweden, Iceland, Finland Kalmar Union
81%
United Kingdom Kingdom of Scotland
81%
Spain, France, Italy and Malta Crown of Aragon
80%
Italy, Slovenia, Greece Republic of Venice
80%
Poland, Romania, Ukraine Kingdom of Poland
79%
Italy, Vatican City and France Papal States
79%
France and Belgium Kingdom of France
78%
Bulgaria, Turkey, Greece, Macedonia, Serbia Ottoman Empire
78%
Lithuania, Belarus, Russia and Poland Grand Duchy of Lithuania
75%
Germany, Italy, Austria, Poland, etc. Holy Roman Empire
75%
Austria, Germany, Switzerland Duchy of Austria
74%
Andorra Principality of Andorra
74%
Hungary, Slovakia, Slovenia, Croatia, Bosnia Kingdom of Hungary
72%
Italy Republic of Florence
71%
Switzerland Swiss Confederacy
69%
Czech Republic, Germany, Poland, Slovakia Kingdom of Bohemia
68%
Italy, France and Monaco Republic of Genoa
66%
Ireland Kingdom of Leinster
65%
Bulgaria Bulgarian Empire
62%
Ukraine Principality of Kiev
62%
Italy Duchy of Milan
61%
Spain and France Kingdom of Navarre
61%
United Kingdom and Ireland Kingdom of Tyrone
59%
Romania, Moldova, Ukraine Principality of Moldavia
58%
Ireland Kingdom of Desmond
57%
Estonia, Latvia, Lithuania, Poland, Russia Teutonic State
57%
France, Netherlands and Belgium Duchy of Burgundy
56%
Greece Duchy of Athens
55%
Cyprus Kingdom of Cyprus
54%
Ireland Kingdom of Umaill
54%
Russia Grand Duchy of Moscow
53%
Ireland Kingdom of East Bréifne
53%
Switzerland, Italy and France County of Savoy
52%
Spain Emirate of Granada
52%
Ireland Kingdom of Airgíalla
52%
Ireland Kingdom of Cronnacht
52%
Ireland Kingdom of Osmond
52%
Ireland Kingdom of Osraige
52%
Romania Principality of Wallachia
52%
Finland and Russia Republic of Novgorod
52%
Croatia, Bosnia, Serbia, Montenegro Kingdom of Bosnia
49%
Ukraine Principality of Theodoro
47%
France Duchy of Brittany
46%
Italy Giudicato of Arborea
41%
Croatia Republic of Ragusa
38%
Romania, Ukraine, Russia, Moldova Golden Horde
37%
Italy Republic of Pisa
37%
Italy Republic of Lucca
30%
Poland Duchy of Lower Silesia
26%
Poland Duchy of Masovia
26%
Poland Duchy of Upper Silesia
26%
Russia and Estonia Pskov Republic
25%
Greece Despotate of Epirus
24%
Greece Duchy of Naxos
22%
Greece Order of Hospitaller
22%
Turkey and Ukraine Trebizond Empire
10%
Italy Republic of Ancona
8%
Greece Principality of Achaea
7%
Montenegro and Albania Principality of Zeta
7%
Italy Kingdom of Naples
4%
Italy Principality of Taranto
4%
Ukraine, Russia and Belarus Principality of Chernigov
3%
Italy Republic of Noli
3%
Serbia Principality of Brankovic
1%
Ireland Kingdom of West Bréifne
0%
No matching quizzes found
Score Distribution
Percent of People with Each Score
Percentile by Number Answered
Your Score History
You have not taken this quiz